Entry Personal Name
Number of records used in: 1
001 - CONTROL NUMBER
003 - CONTROL NUMBER IDENTIFIER
005 - DATE AND TIME OF LATEST TRANSACTION
- control field:
20160429101753.0
008 - FIXED-LENGTH DATA ELEMENTS
- fixed length control field:
160429|| aca||aabn | a|a d
040 ## - CATALOGING SOURCE
- Original cataloging agency:
OSt
- Transcribing agency:
OSt
100 ## - HEADING--PERSONAL NAME
- Personal name:
Triebel, Waltera
670 ## - SOURCE DATA FOUND
- Source citation:
Work cat.: (OSt): Triebel, Waltera, The 8088 and 8086 Mcroprocessors - Programming interfacing, Software, Hardware appl., 2004